Manažéri ako z reklamy Fakulta, ktorá pomôže našej ekonomike

Bibliographic Details
Main Authors: Rudy, Ján, 1951- (Author), Šamová, Katarína (Author)
Format: Article
Language:Slovak
Subjects:

MARC

LEADER 00000nab a2200000 a 4500
001 vtls000453696
003 SK-MaSNL
005 20260303223653.0
008 120926c1992 xo 0 slo
015 |a SNBRB19rr/mm-uuuuu 
035 |a CL0453827 
040 |a SNKBUCL  |b slo  |c SNKBUCL  |e AACR2 
041 0 |a slo 
044 |a xo  |c SK 
080 |a 378.4.096:331.021.5  |2 1981 
080 |a 331.021.5  |2 1981 
100 1 |a Rudy, Ján,  |d 1951-  |4 aut  |9 191206 
245 1 0 |a Manažéri ako z reklamy  |b Fakulta, ktorá pomôže našej ekonomike  |c Ján Rudy, Katarína Šamová 
610 2 7 |a Univerzita Komenského v Bratislave.  |b Fakulta managementu  |2 SNKKA  |9 32775 
651 7 |a 5100  |2 snkbucl  |9 166206 
655 7 |a články z novín a časopisov  |2 snkbucl  |9 267496 
700 1 |a Šamová, Katarína  |4 aut  |9 973548 
773 0 |t Telegraf  |g Roč. 1, č. 117 (20. 5. 1992), s. 4 
850 |a Slovenská národná knižnica v Martine  |a MTA001 
852 |a SNK  |b KIS3GCP 
958 |a RK 
992 |a RBX 
999 |c 2248913  |d 2250843